=LDR 00000nam 2200000 4500 =001 INLIS000000000020046 =005 20130612115036 =008 ***********************************Ind** =035 ##$$0010-061300000020046 =041 ##$$a Ind =082 ##$$a R.413 =090 ##$$a R.413, Man k =100 ##$$a Manru, Inda Putri =245 ##$$a Kamus bahasa Indonesia lengkap, Penyusun Indah Putri Manroe =260 ##$$a [19...?] $b Surabaya =300 ##$$a 480 hlm, 20 cm =650 ##$$a Bahasa Indonesia-Kamus =850 ##$$a NBPNMAT